Foundation accounting. (Record no. 1664)

MARC details
000 -LEADER
fixed length control field 01335nam a2200157Ia 4500
020 ## - INTERNATIONAL STANDARD BOOK NUMBER
ISBN 1870941381 (pbk)
050 ## - CALL NUMBER
Classification number HF 5635
Item number MILL
100 1# - AUTHOR
Personal name Millichamp, A. H.
245 10 - TITLE
Title Foundation accounting.
250 ## - EDITION
Edition statement 2nd ed.
260 ## - PUBLICATION INFORMATION
Place of publication Winchester, Hants :
Name of publisher D.P. Publications,
Year of publication 1989.
300 ## - DESCRIPTION
Number of Pages vii, 500p.
505 ## - FORMATTED CONTENTS NOTE
Table of Content The accounting scene; receipts and payments and the cash book; the measurement of profit; the balance sheet; depreciation; bookkeeping; bookkeeping for fixed assets and depreciation; trial balances; the asset of stock petty cash; control accounts; bank accounts; internal control; discounts, bad debts and hire purchase; valued added tax (VAT); accounting for stocks and materials costing; labour costs; overheads; manufacturing accounts; construction industry; departmental accounts; incomplete records; income and expenditure accounts; partnerships; limited companies; interpretation of accounts; investment ratios; service sector and public service accounting; decision making; forecast cash flows and financial statements; published company accounts; cash flow statements and company finance; regulatory framework of accounting; the accounting conventions. appendices: answers to selected exercises; six case studies; six assignments; glossary of accounting terms.
650 #0 - SUBJECTS
Topical Term Accounting.
942 ## - ADDED ENTRY ELEMENTS (KOHA)
Koha item type Books
Holdings
Withdrawn status Lost status Collection code Home library Current library Shelving location Date acquired Full call number Accession Number Koha item type
    Reference Methodist University Library Main Methodist University Library Main General Stacks 01/12/1999 HF 5635 MILL 25077 Books
    Reference Methodist University Library Main Methodist University Library Main General Stacks 01/12/1999 HF 5635 MILL 14126 Books
Copyright © 2026  MUG Library